000 00389nam a2200157Ia 4500
008 221030s9999 xx 000 0 und d
020 _a0070483329
041 _aEnglish
082 _a105.23
_bHar
100 _aJ. A. Harris
245 0 _aSchaum`s Outline of Operating Systems
_cby J. A. Harris
260 _bTMH
_aNew Delhi
_c2006
300 _a234
650 _aBE Computer
942 _cBK
999 _c3521
_d3521